Концепция построения модели контура охлаждения серии электролизеров для тренажера оператора производства фтора; Современные техника и технологии; Т. 2

Opis bibliograficzny
Parent link:Современные техника и технологии: сборник трудов XVIII международной научно-практической конференции студентов, аспирантов и молодых ученых, Томск, 9-13 апреля 2012 г/ Национальный исследовательский Томский политехнический университет (ТПУ).— , 2012
Т. 2.— 2012.— [С. 441-442]
1. autor: Шеренгина А. А.
Korporacja: Национальный исследовательский Томский политехнический университет (ТПУ)
Kolejni autorzy: Ливенцова Н. В. Нина Владимировна (научный руководитель), Нагайцева О. В. Ольга Викторовна
Streszczenie:Заглавие с титульного листа
Język:rosyjski
Wydane: 2012
Seria:Секция 7: Информатика и управление в технических системах
Hasła przedmiotowe:
Dostęp online:http://www.lib.tpu.ru/fulltext/v/Conferences/2012/C2/V2/v2_217.pdf
Format: MixedMaterials Elektroniczne Rozdział
KOHA link:https://koha.lib.tpu.ru/cgi-bin/koha/opac-detail.pl?biblionumber=225182

MARC

LEADER 00000nla2a2200000 4500
001 225182
005 20231229100312.0
035 |a (RuTPU)RU\TPU\book\245516 
035 |a RU\TPU\book\245503 
090 |a 225182 
100 |a 20121107d2012 k y0rusy50 ca 
101 0 |a rus 
102 |a RU 
105 |a y z 101zy 
135 |a drcn ---uucaa 
181 0 |a i  
182 0 |a b 
200 1 |a Концепция построения модели контура охлаждения серии электролизеров для тренажера оператора производства фтора  |f А. А. Шеренгина, Н. В. Ливенцова, О. В. Нагайцева  |g Национальный исследовательский Томский политехнический университет (ТПУ) ; науч. рук. Н. В. Ливенцова 
203 |a Текст  |c электронный 
215 |a 1 файл (683 Kb) 
225 1 |a Секция 7: Информатика и управление в технических системах 
300 |a Заглавие с титульного листа 
320 |a [Библиогр.: с. 442 (3 назв.)] 
337 |a Adobe Reader 
461 1 |0 (RuTPU)RU\TPU\book\240890  |t Современные техника и технологии  |o сборник трудов XVIII международной научно-практической конференции студентов, аспирантов и молодых ученых, Томск, 9-13 апреля 2012 г  |o в 3 т.  |f Национальный исследовательский Томский политехнический университет (ТПУ)  |d 2012 
463 1 |0 (RuTPU)RU\TPU\book\242828  |t Т. 2  |v [С. 441-442]  |d 2012  |p 473 с. 
610 1 |a электронный ресурс 
610 1 |a труды учёных ТПУ 
610 1 |a концепция 
610 1 |a построение 
610 1 |a модели 
610 1 |a охлаждение 
610 1 |a электролизеры 
610 1 |a тренажеры 
610 1 |a операторы 
610 1 |a производство 
610 1 |a фтор 
700 1 |a Шеренгина  |b А. А. 
701 1 |a Ливенцова  |b Н. В.  |c специалист в области автоматического управления  |c доцент Томского политехнического университета, кандидат технических наук  |f 1979-  |g Нина Владимировна  |3 (RuTPU)RU\TPU\pers\25902  |9 11753 
701 1 |a Нагайцева  |b О. В.  |c ассистент Томского политехнического университета  |f 1981-  |g Ольга Викторовна  |3 (RuTPU)RU\TPU\pers\25903  |9 11754 
702 1 |a Ливенцова  |b Н. В.  |c младший научный сотрудник каф. электроники и автоматики физических установок (ЭАФУ) ФТФ, ТПУ  |c кандидат технических наук  |f 1979-  |g Нина Владимировна  |4 727 
712 0 2 |a Национальный исследовательский Томский политехнический университет (ТПУ)  |c (2009- )  |3 (RuTPU)RU\TPU\col\15902 
801 2 |a RU  |b 63413507  |c 20150813  |g RCR 
856 4 |u http://www.lib.tpu.ru/fulltext/v/Conferences/2012/C2/V2/v2_217.pdf 
942 |c CF